Brazil

Αποθηκεύτηκε σε:
Λεπτομέρειες βιβλιογραφικής εγγραφής
Κύριος συγγραφέας: Taliani, Alberto
Άλλοι συγγραφείς: Shugaar, Antony (Μεταφραστής)
Μορφή: Βιβλίο
Γλώσσα:English
Italian
Δημοσίευση: [New York] : Smithmark, [c1995].
Θέματα:
Ετικέτες: Προσθήκη ετικέτας
Δεν υπάρχουν, Καταχωρήστε ετικέτα πρώτοι!

MARC

LEADER 00000cam a2200000 i 4500
001 1/21335
008 060110s1995 nyu| ||| |||| ||eng||
020 |a 0831793546 
035 |l 10081852 
040 |a GR-MyUA  |b gre  |e AACR2 
041 1 |a eng  |h ita 
082 0 |a 981  |2 (22) 
100 1 |a Taliani, Alberto. 
245 1 0 |a Brazil /   |c [text by Alberto Taliani] ; [translation Antony Shugaar].  
260 |a [New York] :   |b Smithmark,   |c [c1995].  
300 |a 126 σ. :   |b εγχρ. εικ. ;   |c 29 εκ.  
500 |a Τίτλος πρωτοτύπου: Brasile.  
651 0 |a Brazil  |x Discovery and exploration. 
651 0 |a Brazil  |x History. 
651 0 |a Brazil  |x Description and travel. 
700 1 |a Shugaar, Antony,  |e trl 
852 |a INST  |b RHODES  |c KRI  |e 20060110  |h  981 TAL  |p 005400027506  |q 005400027506  |t REF  |y 23 
901 |a BIBL4-2006-1 
970 |a ΚΟΖΑ  |b ΜΑΡΙΑ  |z 2006/01/10